000 00368nam a2200121 4500
008 180219b xxu||||| |||| 00| 0 eng d
100 _926678
_aSadongdong, Martin A.
245 _a'WPS island-building hazardous to ecosystem'/
_cMartin A. Sadongdong
260 _aPhilippines
_bManila Bulletin
_cc2017
300 _apage 5.
650 0 _926679
_aEcology.
942 _2ddc
_cPER
999 _c8763
_d8763